Педагогика и психология: актуальные вопросы теории и практики. Ч. 2 (Запись № 13636977)

Подробности
000 -МАРКЕР
контрольное поле 01608nam2a2200265 4500
001 - ИДЕНТИФИКАТОР ЗАПИСИ
контрольное поле RU\NLR\BIBL_A\022752796
005 - ИДЕНТИФИКАТОР ВЕРСИИ
контрольное поле 20260423121022.0
010 ## - МЕЖДУНАРОДНЫЙ СТАНДАРТНЫЙ НОМЕР КНИГИ (ISBN)
Номер (ISBN) 978-5-00249-437-8
Уточнения ч. 2
Тираж 500
021 ## - НОМЕР ГОСУДАРСТВЕННОЙ РЕГИСТРАЦИИ
Код страны Российская Федерация
Номер КН-П-26-002682
Номер Листа государственной регистраци КН-П-26-0244
035 ## - ДРУГИЕ СИСТЕМНЫЕ НОМЕРА
Идентификатор записи (NLR Aleph) 022752796
100 ## - ДАННЫЕ ОБЩЕЙ ОБРАБОТКИ
Данные общей обработки 20260313d2025 k y0rusy50 ca
101 0# - ЯЗЫК РЕСУРСА
Язык текста, звукозаписи и т.д. русский
Язык резюме английский
102 ## - СТРАНА ПУБЛИКАЦИИ ИЛИ ПРОИЗВОДСТВА
Страна публикации Российская Федерация
105 ## - ПОЛЕ КОДИРОВАННЫХ ДАННЫХ: ТЕКСТОВЫЕ МАТЕРИАЛЫ, МОНОГРАФИЧЕСКИЕ
Кодированные данные о монографическом текстовом документе a|||z|||100yy
200 0# - ЗАГЛАВИЕ И СВЕДЕНИЯ ОБ ОТВЕТСТВЕННОСТИ
Основное заглавие Ч. 2
210 ## - ПУБЛИКАЦИЯ, РАСПРОСТРАНЕНИЕ И ДР.
Дата издания, распространения и т.д. 2025
215 ## - ФИЗИЧЕСКАЯ ХАРАКТЕРИСТИКА
Специфическое обозначение материала и объем 216 с.
Другие сведения о физической характеристике ил., табл.
300 ## - ОБЩИЕ ПРИМЕЧАНИЯ
Текст примечания Рез. англ.
320 ## - ПРИМЕЧАНИЯ О НАЛИЧИИ В ДОКУМЕНТЕ БИБЛИОГРАФИИ / УКАЗАТЕЛЯ
Текст примечания Библиогр. в конце ст.
461 #0 - УРОВЕНЬ НАБОРА
Встроенное поле 001RU\NLR\BIBL_A\022743640
-- 2001#$aПедагогика и психология: актуальные вопросы теории и практики$eсборник статей Международной научно-практической конференции, 4 декабря 2025 г. (г. Оренбург)$fНаучно-издательский центр Аэтерна$gответственный редактор: Сукиасян Асатур Альбертович, к. э. н.$vЧ. 2
Системный номер (АБИС) связанной записи 13650358
Место публикации Уфа
Дата публикации 2025-
Первые сведения об ответственности Научно-издательский центр Аэтерна
Имя издателя, распространителя и т.д. Аэтерна
Сведения, относящиеся к заглавию сборник статей Международной научно-практической конференции, 4 декабря 2025 г. (г. Оренбург)
Заглавие Педагогика и психология: актуальные вопросы теории и практики
ISBN 978-5-00249-438-5
Номер тома Ч. 2
942 ## - ДОПОЛНИТЕЛЬНЫЕ ЭЛЕМЕНТЫ ЗАПИСИ (АБИС)
Тип экземпляра АБИС Книга
980 ## - КОЛЛЕКЦИЯ
Название коллекции Национальная библиография

Нет доступных экземпляров.